| 000 | 00872nam a2200337 a 4500 | ||
|---|---|---|---|
| 999 |
_c1958 _d1958 |
||
| 005 | 20200518162223.0 | ||
| 008 | 140303b1996 wau||||| |||| 00| 0 eng d | ||
| 040 |
_aCO-BoIAVH _cCO-BoIAVH |
||
| 041 | _aeng | ||
| 044 | _axxu | ||
| 082 | _a333.72 | ||
| 090 |
_aLB _b01789 |
||
| 100 |
_aLutz, Ernst _9102990 |
||
| 245 | _aDecentralization and biodiversity conservation | ||
| 260 |
_aWashington _bInternacional Magazine on the Environment _c1996 |
||
| 300 | _a170 p. | ||
| 650 |
_aConservación de biodiversidad _9102991 |
||
| 650 |
_aGlobal environment facility _911749 |
||
| 662 | _aColombia | ||
| 662 | _aCosta Rica | ||
| 662 | _aIndia | ||
| 662 | _aIndonesia | ||
| 662 | _aKenya | ||
| 662 | _aNepal | ||
| 662 | _aNigeria | ||
| 662 | _aFilipinas | ||
| 662 | _aRusia | ||
| 662 | _aZimbabwe | ||
| 700 |
_aCaldecott, Julian _913896 |
||
| 942 |
_cLIBRO _2z |
||